Регионална библиотека "Любен Каравелов" - Русе

Придворният убиец (Запис номер 100046)

MARC детайли
000 -Лидер
Контролно поле с фиксирана дължина 01528nam a2200349 c 4500
003 - Код на организацията, давaща контролен номер
Контролно поле BLK
005 - Дата и час на последна редакция
Контролно поле 20250802162021.0
008 - Елементи от данни с фиксирана дължина
fixed length control field 180409b bul|||||r ||||||| ||bul||
010 ## - Наследен системен номер
LC control number KNG00105064000
020 ## - Международен стандартен номер на книга ISBN
Международен стандартен номер на книга ISBN 954-585-260-7
-- издат.: Амбър - на том (кн. 2)
040 ## - Източник на каталожния запис
Идентификатор на билиотеката - собственик на записа BLK
041 ## - Код за език
Код за езика на текст/звукозапис или на отделно заглавие Български
Код за езика КДБФ Български
080 ## - УДК
Текстов определител УДК Американска литература (на САЩ)
УДК код - определител по УДК 821.111(73)
УДК определител -312.9
УДК - код + определител 821.111(73)-312.9
100 1# - Редна дума - Автор
Автор Хоб, Робин
Авторска отговорност първи автор
Автор - информация (биография) Линдхолм, Маргарет Астрид
R(LIN) 137207
139 ## - Редно поле
Редна дума Хоб, Робин
Авторски знак Хо - Х 58
245 10 - Сведения за заглавието
Заглавие Придворният убиец
Подзаглавни данни Кн. 1 - 3
Редно поле (дума) Робин Хоб; прев. на том Крум Бъчваров.
Том Кн. 2
Заглавие на том Кралска поръчка
257 ## - Страна на издаване
Страна на създаване/издаване Съединени американски щати
260 ## - Област на издателските данни
-- София
Година на издаване 2001
Печатница Хасково : Полиграфюг
300 ## - Физическа характеристика
Размери/Мащаб 21 см
380 ## - Жанр
Жанр Худож. лит.
500 ## - Общи забележки
Забележка Амбър е запазена търговска марка на ИК Бард.
653 ## - Ключова дума – ненормативна
Ключова дума фентъзи
653 ## - Ключова дума – ненормативна
Ключова дума романи
700 1# - Други автори (авторска отговорност)
Лично име Бъчваров, Крум
Автороска отговорност (Описва отношението между автора и произведението) прев. на том
9 (RLIN) 364186
760 1# - Описание на основната серия
-- - на том (кн. 2)
Редна дума на основното описание Хоб, Робин
Място на издаване, издател и година Амбър
Страници - том 592 с.
Забележка - том Ориг. загл. Royal Assassin / Robin Hobb.
Заглавие Кн. 2 Кралска поръчка
852 ## - Местоположение
Форматна сигнатура Цб 209219
856 4# - Електронен адрес и достъп
Електронен формат pdf - файл
Път до файла /url/
856 4# - Електронен адрес и достъп
Електронен формат pdf - файл
Път до файла /url/
942 ## - АРТИКУЛИ
Вид на библиотечния материал Книги
Скрит в OPAC Не
Koha issues (borrowed), all copies 11
944 ## - СЪЗДАВАНЕ И РЕДАКЦИЯ на ЗАПИСА
Създаване/Редакция Създаване
Дата на регистрацията/редакция 01.01.2001
Статус, дата на статуса Русанова Ирена
Служител, извършил регистрацията/редакцията 30542
944 ## - СЪЗДАВАНЕ И РЕДАКЦИЯ на ЗАПИСА
Създаване/Редакция Редакция
Дата на регистрацията/редакция 14.12.2016
Статус, дата на статуса ф /
Служител, извършил регистрацията/редакцията Людмила_Стоянова
999 ## - СИСТЕМНИ КОНТРОЛНИ НОМЕРА
Koha biblionumber 100046
Koha biblioitemnumber 100046
Наличности
Код за отписване Код за изгубен артикул Източник на класификационната схема Код за повреда Коз за рестрикции Код за отдаване Артикулен № Име на библиотеката - собственик Име на библиотеката, в която се намира в момента Статус (Текущо местоположение) Дата на вписване в системата Местоположение - отдел Цена в лева Инвентарен номер Систематично азбучна сигнатура Баркод Номер на екземпляра Цена в евро Служебна бележка Служебен тип на артикула
  Не е изгубен Universal Decimal Classification Не е повреден без рестрикции ползва се в читалня 161129 Регионална библиотека "Любен Каравелов" Русе Регионална библиотека "Любен Каравелов" Русе Хранилище 2003-02-26 Хранилище 8.99 120000674992 Цб 209219 120000674992 1 4.60 Дост: Dp Вид: Д N: 21 Дата: 09.05.2002 Книги
  Не е изгубен   Не е повреден без рестрикции заемане за дома 161130 Регионална библиотека "Любен Каравелов" Русе Регионална библиотека "Любен Каравелов" Русе Заемна - подръчен фонд 2016-08-24 Заемна - подръчен фонд 9.00 120000803261 П 820(73)-31/Х 58 120000803261 2 4.60 Дост: DA Вид: А N: 32 Дата: 24.08.2016 Дата инв: 13.02.2018 Бележки инв: П2018 Книги
Vip Innovations Ltd, Rousse, Bulgaria 2025